|
|
|
|
| LEADER |
00000cam a2200000 a 4500 |
| 001 |
3713-4 |
| 003 |
Ucuenca |
| 005 |
20230722064548.0 |
| 008 |
000000| ||||||||r|||||||||||spa|| |
| 040 |
|
|
|b spa
|
| 041 |
1 |
|
|a spa
|
| 082 |
0 |
|
|a 861
|
| 100 |
1 |
|
|a Shakespeare, William.
|d 1564-1616
|9 227286
|
| 245 |
|
|
|a Las mejores poesías líricas de los mejores poetas
|c William Shakespeare
|h imp
|n tomo 4
|
| 264 |
|
|
|a Barcelona
|b Editorial Cervantes
|c s.f.
|
| 300 |
|
|
|a 58 páginas:
|c 14 cm
|
| 505 |
0 |
|
|a Tomo 4 Shakespeare, Dante, Antero de Quental, Passcoaes, Morike. Salvador Albert
|
| 650 |
1 |
|
|a Poesia lirica
|9 6939
|
| 650 |
|
|
|a Poesia inglesa
|9 5926
|
| 852 |
|
|
|a UC-CDJBV
|f Compra
|l 1
|m Limitada
|p 00000000
|t 3713-4
|b 1
|d CDRC
|e CDRC
|g 861 ESTANTERIA CERRADA
|z 0000-00-00
|
| 942 |
|
|
|c BK
|
| 999 |
|
|
|c 40266
|d 40266
|